Blink-182 - Take Off Your Pants And Jacket Songs - Statistics

General Stats
  • This quiz has been taken 46 times
  • The average score is 12 of 19
Answer Stats
Hint Answer % Correct
477,862,269 First Date
100%
258,784,193 The Rock Show
97%
42,587,149 Reckless Abandon
90%
115,561,874 Anthem Part Two
83%
37,530,492 Roller Coaster
83%
35,255,726 Story Of A Lonely Guy
79%
45,359,633 Online Songs
76%
145,923,926 Stay Together For The Kids
76%
100,875,599 Everytime I Look For You
69%
23,963,008 Happy Holidays, You Bastard
66%
25,045,423 Shut Up
66%
31,919,745 Give Me One Good Reason
62%
34,624,588 Please Take Me Home
62%
Not On Spotify What Went Wrong
38%
Not On Spotify F*ck A Dog
34%
Not On Spotify Time To Break Up
34%
Not On Spotify Don't Tell Me It's Over
31%
Not On Spotify Mother's Day
31%
Not On Spotify When You F*cked Grandpa
28%
No matching quizzes found
Score Distribution
Percent of People with Each Score
Percentile by Number Answered
Your Score History
You have not taken this quiz